Tree form, size and colour: A guide to selection, planting and design (Record no. 8225)

000 -LEADER
fixed length control field 00301nam a2200109Ia 4500
008 - FIXED-LENGTH DATA ELEMENTS--GENERAL INFORMATION
fixed length control field 201223s9999 xx 000 0 und d
100 ## - MAIN ENTRY--PERSONAL NAME
Personal name Gruffydd, Bodfan
245 #0 - TITLE STATEMENT
Title Tree form, size and colour: A guide to selection, planting and design
260 ## - PUBLICATION, DISTRIBUTION, ETC.
Place of publication, distribution, etc. London
Name of publisher, distributor, etc. E & F N Spon
300 ## - PHYSICAL DESCRIPTION
Extent 243
942 ## - ADDED ENTRY ELEMENTS (KOHA)
Koha item type Books
Holdings
Withdrawn status Lost status Damaged status Not for loan Permanent Location Date acquired Date last seen Price effective from Koha item type Full call number Barcode
        IMU Kolkata 2020-12-23 2020-12-23 2020-12-23 Books    
          2020-12-23 2020-12-23 2020-12-23 Books 715.2 G894 PM03506
Designed and Maintained by IMU-KC Library, Kolkata Campus © Copyright All Rights Reserved

webs counters

Powered by Koha